Cargando...
Harpers review of biochemistry /
| Autor principal: | |
|---|---|
| Formato: | Printed Book |
| Lenguaje: | English |
| Publicado: |
Amsterdam :
North Holland Publishing Co,
1976.
|
| Materias: |
| LEADER | 00471nam a2200133Ia 4500 | ||
|---|---|---|---|
| 008 | 160121b xxu||||| |||| 00| 0 eng d | ||
| 082 | |a 572 |2 23 | ||
| 100 | |a Martin | ||
| 245 | |a Harpers review of biochemistry / |c Martin | ||
| 260 | |a Amsterdam : |b North Holland Publishing Co, |c 1976. | ||
| 653 | |a Biochemistry | ||
| 942 | |c BK | ||
| 999 | |c 123010 |d 123010 | ||
| 952 | |0 0 |1 1 |4 0 |6 572_000000000000000_MAR_H |7 0 |9 136201 |a LIF |b LIF |c ST1 |d 2009-08-02 |i 816 |l 0 |o 572 MAR/H |p LIF816 |r 2010-12-01 |w 2009-08-02 |y BK | ||